| 000 | 00731nam a2200205 i 4500 | ||
|---|---|---|---|
| 001 | 000634592 | ||
| 003 | AM-YeHGA | ||
| 005 | 20250618073312.0 | ||
| 008 | 090220s1987 ||| r 000 0 rus d | ||
| 040 | _aAM-YeHGA | ||
| 041 | 0 | _arus | |
| 100 | 1 |
_aТынянов, Юрий Николаевич _d1894-1943 |
|
| 245 | 1 | 0 |
_aПушкин : _bРоман / _cЮрий Тынянов. |
| 260 |
_aМосква : _bХудож. лит., _c1987. |
||
| 300 | _a544 с. | ||
| 440 | 0 | _aКлассики и современники. Советская литература | |
| 600 | 1 | 4 |
_aПушкин, Александр Сергеевич _d1799-1837 _98888 |
| 653 | 0 | _aПисатели русские, 19 в. (х. л.) | |
| 090 | _c224034 | ||
| 999 |
_c222499 _d222499 |
||